| 000 | 00691nam a22002297a 4500 | ||
|---|---|---|---|
| 999 |
_c14601 _d14601 |
||
| 003 | AR-CdUCM | ||
| 008 | 190409b ||||| |||| 00| 0 spa d | ||
| 020 | _a978-968-16-6443-5 | ||
| 040 |
_aMUNICIPALIDAD PROVINCIAL DEL CUSCO _cBIBLIOTECA MUNICIPAL DEL CUSCO |
||
| 082 |
_aEP / 808.06 / _bB26 |
||
| 100 |
_aBrowne, Anthony _925011 |
||
| 245 | _aMi papá / | ||
| 260 |
_aMéxico : _bFondo de cultura económica, _c2016. |
||
| 300 | _c27 cm. | ||
| 440 |
_a25 años a la orilla del viento. _933410 |
||
| 500 | _aTexto sin numeración. | ||
| 505 | _aContenido :Mi papá ... | ||
| 650 |
_aCuentos _951590 |
||
| 650 |
_aHistorias _92725 |
||
| 942 |
_2ddc _cLIBROS |
||
| 945 |
_arum _d2019-04-23 |
||